000 00305nam a2200109Ia 4500
008 220204s9999 xx 000 0 und d
082 _a382.6(058.7)
_bDIR
245 0 _aDirectory of Indian exporters
250 _aEd.18
260 _aIndia
_bDept of Commercial Intelligence and Statistics
_c1972
942 _cBK
999 _c23164
_d23164